[Event "SVK ECo-C Extraliga 2018-19"]
[Site "Slovakia"]
[Date "2018.11.11"]
[Round "2"]
[White "Magat, Jozef"]
[Black "Lintner, Igor"]
[Result "1/2-1/2"]
[WhiteElo "2112"]
[BlackElo "2161"]
[Annotator "TA"]
[PlyCount "150"]
[EventDate "2018.11.10"]
[EventType "team-tourn"]
[EventCountry "SVK"]
[SourceTitle "playchess.com"]
[Source "ChessBase"]
[SourceQuality "1"]
[WhiteTeam "Dunajov"]
[BlackTeam "Osuske"]

{[%evp 21,149,0,0,0,0,-7,0,0,27,16,27,31,31,12,10,0,14,18,16,15,33,25,35,16,93,93,84,17,28,-11,29,23,38,38,54,0,14,0,41,2,8,0,12,0,0,0,9,0,0,0,0,0,19,0,0,-4,0,0,0,4,31,-8,-8,-103,-109,-93,-102,-98,-94,-93,-100,-124,-100,-133,-94,-104,-12,-11,-8,-70,-65,-168,-144,-236,0,0,0,0,0,-1,-1,-1,-1,-1,-1,-27,-8,-8,-8,-8,-8,-27,-27,-27,-27,-27,-8,-27,-27,-27,-27,-27,-27,-27,-27,-27,-27,-27,-28,-28,0,0,0,0,0,0,0,0,0,0]} 1. d4 d5 2. Nf3 Nf6 3. Bg5 Nbd7 4. e3 e6 5. c4 Be7 6. Nc3 O-O 7. Rc1 c6 8. cxd5 Nxd5 9. Bxe7 Qxe7 10. Bd3 Nxc3 11. Rxc3 e5 {LiveBook: 8 Games. D53: Queen's Gambit Declined: 4 Bg5 Be7: Early deviations} 12. Qc2 (12. dxe5 Nxe5 13. Nxe5 Qxe5 14. Qc2 h6 15. O-O Be6 16. Bc4 Bxc4 17. Rxc4 Rad8 18. b4 Rd5 19. e4 Rd7 20. Rc5 Qd4 21. b5 cxb5 22. Rxb5 Re8 23. Ra5 a6 {0-1 (45) Suvrajit,S (2378)-Grover,S (2462) Chennai 2011}) 12... g6 13. O-O exd4 14. Nxd4 Ne5 15. Be2 Be6 $146 ({Predecessor:} 15... f5 16. f4 Nf7 17. Bc4 Kg7 18. Bxf7 Qxf7 19. b4 {1-0 (36) Link,U (2235)-Schwarzburger,L Germany 1987}) 16. a3 Nd7 17. Rd1 Bd5 18. Bf3 $36 {[%mdl 2048] White has some pressure.} Nf6 19. Bxd5 Nxd5 20. Rcd3 Rfc8 21. h3 a5 22. Ne2 b5 (22... Nf6 $11) 23. Nd4 $16 Qe8 24. Qd2 (24. Rc1 $16) 24... Nf6 25. Nb3 Ne4 26. Qc2 c5 {White should prevent ...c4.} 27. Rd5 {[%cal Rb3c5]} c4 28. Nc1 (28. Nd2 $1 $14 Nf6 29. Rd4) 28... Nf6 (28... Nc5 {seems wilder.} 29. h4 Qe7 30. h5 Qf6 31. Rd6 Qe7) 29. Rd6 Rc6 30. Rxc6 Qxc6 31. Qd2 Qc5 32. Qd4 Qxd4 33. Rxd4 $11 {[%mdl 4096] Endgame KRN-KRN} Rc8 34. Kf1 Kf8 35. Ke1 Ke7 36. Ne2 g5 37. Nc3 Rc5 38. f3 h6 39. Kd2 Ke6 40. e4 b4 41. Na4 Rc6 42. Kc2 (42. axb4 $1 $11 axb4 43. b3 $1 {[%mdl 512]}) 42... Ke5 $1 $17 {[%cal Re5d4]} 43. Rd8 {[#]} Kf4 $1 44. Ra8 Kg3 45. Rxa5 bxa3 46. bxa3 Kxg2 47. Rf5 Kxh3 48. Nc3 g4 (48... Nh5 $17 {next ...Nf4 is good for Black.} 49. Rxf7 Nf4) 49. fxg4 Kxg4 50. Rf1 ({Better is} 50. Ne2 $11) 50... h5 {[%cal Bh6h5,Bh5h4][%mdl 32]} 51. a4 (51. Ne2 $15) 51... h4 $19 52. Ne2 {[#]} (52. Nd1 $17 {was the only chance.}) 52... c3 $2 (52... h3 $1 $19 {...h2 is the strong threat.} 53. Rf4+ Kg5 54. Rf5+ Kh4) 53. Rf4+ $11 Kg5 {And now ...h3 would win.} 54. Rf5+ Kg6 55. Rf4 h3 {Threatens to win with ...Kg5.} 56. Rh4 {[#]} h2 $1 {[%mdl 512]} 57. Rxh2 Nxe4 58. Rh3 Ra6 59. Nxc3 Nxc3 60. Rxc3 Rxa4 {KR-KR} 61. Kd3 Kg5 62. Ke3 Kg4 63. Kf2 f5 64. Kg2 Ra2+ 65. Kg1 f4 66. Rb3 Re2 67. Kf1 Rd2 68. Ra3 Rh2 69. Kg1 Re2 70. Kf1 Re3 71. Rxe3 {The position is equal.} fxe3 {[%cal Bf4e3,Be3e2][%mdl 32]} 72. Ke2 Kf4 73. Ke1 Kf3 {( -> ...e2)} 74. Kf1 e2+ 75. Ke1 Ke3 $2 {[%mdl 8192] Precision: White = 36%, Black = 57%.} (75... Kf4 76. Kxe2) 1/2-1/2

[Event "SVK ECo-C Extraliga 2018-19"]
[Site "Slovakia"]
[Date "2018.11.11"]
[Round "2"]
[White "Mydlarik, Martin"]
[Black "Kovacik, Emil"]
[Result "1/2-1/2"]
[WhiteElo "2110"]
[BlackElo "2060"]
[Annotator "NA"]
[PlyCount "44"]
[EventDate "2018.11.10"]
[EventType "team-tourn"]
[EventCountry "SVK"]
[SourceTitle "playchess.com"]
[Source "ChessBase"]
[SourceQuality "1"]
[WhiteTeam "Modra"]
[BlackTeam "Dubnica"]
[TimeControl "40/5400+30:1800+30"]

1. c4 {[%emt 0:00:00]} e6 {[%emt 0:00:00]} 2. g3 {[%emt 0:00:00]} d5 {[%emt 0:00:03]} 3. Bg2 {[%emt 0:00:00]} Nf6 {[%emt 0:00:07]} 4. Nf3 {[%emt 0:00:28]} dxc4 {[%emt 0:01:43]} 5. Qa4+ {[%emt 0:00:22]} Nbd7 {[%emt 0:04:17]} 6. Qxc4 {[%emt 0:00:53]} c5 {[%emt 0:01:21]} 7. d3 {[%emt 0:04:04]} a6 {[%emt 0:02:47]} 8. Qc2 {[%emt 0:05:50]} Ra7 {[%emt 0:00:57]} 9. O-O {[%emt 0:01:04]} b6 {[%emt 0:00:43]} 10. Nbd2 {[%emt 0:10:19]} Bb7 {[%emt 0:00:38]} 11. Nc4 {[%emt 0:04:30]} Be7 {[%emt 0:02:19]} 12. Bf4 {[%emt 0:00:24]} O-O {[%emt 0:02:01]} 13. Rac1 {[%emt 0:06:13]} Nd5 {[%emt 0:07:09]} 14. Bd2 {[%emt 0:01:09]} Qa8 {[%emt 0:01:36]} 15. a3 {[%emt 0:03:14]} a5 {[%emt 0:07:10]} 16. a4 {[%emt 0:17:58]} Nb4 {[%emt 0:04:48]} 17. Qb1 {[%emt 0:01:55]} Bc6 {[%emt 0:02:37]} 18. b3 {[%emt 0:02:37]} Rd8 {[%emt 0:11:27]} 19. Bc3 {[%emt 0:05:23]} Nd5 {[%emt 0:19:41]} 20. Bb2 {[%emt 0:02:29]} Bf6 {[%emt 0:01:22]} 21. Bxf6 {[%emt 0:01:20]} N5xf6 {[%emt 0:00:23]} 22. Qb2 {[%emt 0:04:11]} Rc7 {[%emt 0:09:38]} 1/2-1/2

[Event "SVK ECo-C Extraliga 2018-19"]
[Site "Slovakia"]
[Date "2018.12.08"]
[Round "3"]
[White "Piorun, Kacper"]
[Black "Pechac, Jergus"]
[Result "1/2-1/2"]
[WhiteElo "2634"]
[BlackElo "2470"]
[Annotator "TA"]
[PlyCount "59"]
[EventDate "2018.11.10"]
[EventType "team-tourn"]
[EventCountry "SVK"]
[SourceTitle "playchess.com"]
[Source "ChessBase"]
[SourceQuality "1"]
[WhiteTeam "Dunajov"]
[BlackTeam "Zilina"]

{[%evp 13,59,-20,30,29,52,53,56,44,102,78,74,13,112,22,58,-72,-51,-152,0,22,22,21,13,12,17,12,15,0,0,0,12,14,8,-10,0,0,0,0,0,0,0,0,0,0,0,0,0,0]} 1. c4 e5 2. g3 Nf6 3. Bg2 c6 4. d4 Bb4+ 5. Bd2 Bxd2+ 6. Qxd2 d6 {A20: English Opening: 1...e5} 7. e4 (7. Nc3 O-O 8. e3 Be6 9. Rd1 Na6 10. b3 exd4 11. Qxd4 Nb4 12. Qd2 Bf5 13. e4 Re8 14. Nge2 Nxe4 15. Nxe4 Bxe4 16. Bxe4 Rxe4 17. Qxb4 {½-½ (31) Mamedyarov,S (2764)-Radjabov,T (2726) Baku 2014}) 7... O-O {LiveBook: 4 Games} 8. Ne2 exd4 $146 {White has an edge.} ({Predecessor:} 8... Qc7 9. Nbc3 a5 10. b3 Bg4 11. f3 Bh5 12. h4 h6 13. g4 Bg6 14. g5 hxg5 15. hxg5 {1-0 (29) Gomez,J (2510)-Christiansen,J (2310) Doha 2014}) 9. Qxd4 Re8 10. Nbc3 d5 (10... Nbd7 $14) 11. O-O-O Qa5 12. exd5 (12. cxd5 $16 cxd5 13. Nxd5 (13. exd5 Bf5 $11)) 12... cxd5 (12... Bf5 $11) 13. cxd5 (13. Nxd5 $16 Nxd5 14. Qxd5) 13... Na6 {[%cal Bb8a6,Ba6b4,Bb4a2][%mdl 32]} 14. Rhe1 (14. Nf4 $14 {keeps the upper hand.}) 14... Bf5 {Threatens to win with ...Nc5.} (14... Nc5 $5 {[%cal Rc8f5]} 15. Qf4 Qa6 $11) 15. Nf4 {[#]} ({White should try} 15. Qf4 $15 Bg6 16. Qa4 Qxa4 17. Nxa4) 15... Rxe1 $2 (15... Nc5 $1 $17 {[%cal Rc5b3] ( -> ...Nb3+!)} 16. Re3 Rxe3 17. fxe3 Rc8) 16. Rxe1 $11 {The position is equal.} Nb4 $1 {[%cal Rb4a2]} 17. Re5 $36 {[%mdl 2048] White has some pressure.} Nxa2+ 18. Kd2 $1 Nxc3 19. Qxc3 Qxc3+ 20. bxc3 g6 21. Re7 a5 {[%cal Ba7a5,Ba5a4,Ba4a3][%mdl 32]} 22. Rxb7 a4 {[#] Strongly threatening ...a3.} 23. Nd3 a3 24. Rb1 Be4 25. Bxe4 Nxe4+ 26. Kc2 Rc8 (26... a2 $5 27. Ra1 $8 Rc8 $11) 27. Rb3 Ra8 {...a2 is the strong threat.} 28. Rb1 Rc8 (28... a2 $5 29. Ra1 $8 Ra3 $11) 29. Rb3 Ra8 30. Rb1 {Accuracy: White = 34%, Black = 42%.} 1/2-1/2

[Event "SVK ECo-C Extraliga 2018-19"]
[Site "Slovakia"]
[Date "2018.12.08"]
[Round "3"]
[White "Papp, Gabor"]
[Black "Cvek, Robert"]
[Result "1-0"]
[WhiteElo "2603"]
[BlackElo "2515"]
[Annotator "TA"]
[PlyCount "83"]
[EventDate "2018.11.10"]
[EventType "team-tourn"]
[EventCountry "SVK"]
[SourceTitle "playchess.com"]
[Source "ChessBase"]
[SourceQuality "1"]
[WhiteTeam "Slovan"]
[BlackTeam "Osuske"]

{[%evp 41,83,28,28,28,28,28,28,28,28,28,65,62,77,80,72,72,77,77,106,107,115,59,65,0,0,0,417,440,737,762,739,724,649,617,617,520,558,558,553,536,527,528,508,475]} 1. e4 c5 2. Nf3 Nc6 3. d4 cxd4 4. Nxd4 g6 5. c4 Nf6 6. Nc3 d6 7. f3 Nxd4 8. Qxd4 Bg7 9. Be3 O-O 10. Qd2 Be6 11. Be2 Qa5 12. Rc1 Rfc8 13. b3 a6 14. Na4 Qxd2+ 15. Kxd2 Nd7 16. g4 f5 17. exf5 {B36: Sicilian: Maroczy Bind: Gurgenidze System} gxf5 18. h3 Rf8 19. f4 Rad8 20. Nc3 d5 21. cxd5 Nf6 {[%mdl 64] LiveBook: 24 Games. Double Attack} 22. Ke1 Nxd5 23. Nxd5 Bxd5 24. Rg1 fxg4 25. hxg4 Rc8 $146 26. Kf2 Rxc1 27. Rxc1 Be5 28. Kg3 Bd6 29. Rd1 Be4 30. Bc4+ Kg7 31. Rd4 (31. Re1 $16 e5 32. f5) 31... Bb1 32. Kh4 ({White should try} 32. Rd2 $14) 32... b5 $11 ({But not} 32... Bxa2 $2 33. Rxd6 $1 {[%mdl 512]} exd6 34. Bd4+ Kg6 35. f5+ Rxf5 36. Bd3 $18 (36. gxf5+ Kxf5 37. Bd3+ Kf4 $16)) 33. Be6 {aiming for Rd1.} Kf6 $2 {[%mdl 8192]} ({Avoid the trap} 33... Bxa2 $2 {[#]} 34. Rxd6 $1 {[%mdl 512]} Rxf4 35. Rxa6 $18) (33... Bc5 $11 {and Black is okay.}) 34. f5 $18 Bc5 (34... h6 $142 35. Bxh6 Rh8 36. g5+ Ke5) 35. b4 Bb6 36. Bg5+ Ke5 37. Rd5+ Ke4 38. Rd1 Bc2 39. Rd2 Bd3 40. Bxe7 Bd8 41. Bxd8 Rxd8 42. Kg5 {Accuracy: White = 89%, Black = 60%.} 1-0

[Event "SVK ECo-C Extraliga 2018-19"]
[Site "Slovakia"]
[Date "2018.12.08"]
[Round "3"]
[White "Miton, Kamil"]
[Black "Kociscak, Jiri"]
[Result "1/2-1/2"]
[WhiteElo "2588"]
[BlackElo "2484"]
[Annotator "TA"]
[PlyCount "63"]
[EventDate "2018.11.10"]
[EventType "team-tourn"]
[EventCountry "SVK"]
[SourceTitle "playchess.com"]
[Source "ChessBase"]
[SourceQuality "1"]
[WhiteTeam "Dunajov"]
[BlackTeam "Zilina"]

{[%evp 18,63,27,27,28,20,20,15,23,16,22,8,16,0,5,-1,-7,-39,-14,-21,0,0,0,0,0,0,7,2,18,2,0,-36,0,0,0,0,0,0,0,0,0,0,7,3,7,7,6,0]} 1. e4 e5 2. Nf3 Nc6 3. Nc3 Nf6 4. Bb5 Bd6 5. d3 O-O 6. O-O {C48: Four Knights: 4 Bb5, replies other than 4...Bb4} h6 7. a3 Re8 8. Be3 Bf8 9. Nd5 d6 10. c4 {LiveBook: 4 Games} Nd7 11. b4 $146 ({Predecessor:} 11. Re1 Ncb8 12. Ba4 c6 13. Nc3 {½-½ (44) Grandelius,N (2641)-Almasi,Z (2696) Reykjavik 2017}) 11... Ne7 12. Ba4 Ng6 13. Nc3 c6 14. h3 Nf6 15. b5 Bd7 16. bxc6 bxc6 17. c5 Qa5 18. Rc1 d5 (18... dxc5 {seems wilder.} 19. Bb3 Rad8 20. Qc2 Be6 21. Bxe6 Rxe6 22. Rfd1 Nf4) 19. exd5 cxd5 {[#] Threatens to win with ...d4.} 20. Bxd7 Nxd7 21. d4 exd4 22. Nxd4 Rac8 23. Nxd5 Nxc5 24. Qg4 Qa4 25. Nf5 {The position is equal.} Qxg4 26. hxg4 {Nxh6+! is the strong threat.} Red8 27. Rfd1 {[#] Strongly threatening Rxc5!} Ne6 28. Rxc8 Rxc8 29. Bxa7 Bxa3 30. Be3 Rc2 31. Ra1 Bc5 32. Rc1 {Accuracy: White = 58%, Black = 70%.} 1/2-1/2

[Event "SVK ECo-C Extraliga 2018-19"]
[Site "Slovakia"]
[Date "2018.12.08"]
[Round "3"]
[White "Michalik, Peter"]
[Black "Petenyi, Tamas"]
[Result "1-0"]
[WhiteElo "2564"]
[BlackElo "2428"]
[Annotator "TA"]
[PlyCount "65"]
[EventDate "2018.11.10"]
[EventType "team-tourn"]
[EventCountry "SVK"]
[SourceTitle "playchess.com"]
[Source "ChessBase"]
[SourceQuality "1"]
[WhiteTeam "Modra"]
[BlackTeam "Streda"]

{[%evp 18,65,62,68,105,105,115,94,173,168,171,81,90,88,68,81,114,91,66,82,144,136,133,130,135,6,20,23,9,6,16,0,45,39,36,30,177,176,162,204,296,276,267,250,580,532,29973,514,507,458]} 1. e4 c5 2. Nf3 e6 3. d4 cxd4 4. Nxd4 Nf6 5. Nc3 d6 6. g4 a6 7. g5 Nfd7 8. Bg2 Be7 9. h4 {[%cal Bh2h4,Bh4h5][%mdl 32] B81: Sicilian Scheveningen: Keres Attack} Nc6 10. Be3 {LiveBook: 11 Games} Nxd4 (10... Nce5 11. Qe2 Qc7 12. f4 Nc4 13. Bc1 b5 14. b3 Na5 15. Bb2 Bb7 16. O-O-O {1-0 (29) Kosteniuk,A (2523)-Kosintseva,N (2533) Moscow 2010}) 11. Qxd4 {White is better.} O-O $146 ({Predecessor:} 11... e5 12. Qd2 Nb6 13. b3 Be6 14. a4 Rc8 15. a5 Qc7 16. Ne2 Nd7 17. c4 Nc5 {1-0 (44) Garcia Silveira,L (2064)-Ramos Correa,G (1932) Montevideo 2018}) 12. O-O-O Rb8 {[#]} (12... b5 $16) 13. h5 $1 $18 Bxg5 14. f4 ({Inferior is} 14. Qxd6 Bxe3+ 15. fxe3 Qg5 $11) (14. h6 $18 {[%csl Gh6][%cal Rd4g7] and White stays clearly on top.} Bxe3+ 15. Qxe3) 14... e5 $16 15. Qxd6 exf4 16. Bxf4 {Nd5 is the strong threat.} Bxf4+ 17. Qxf4 Qf6 18. Qe3 Nb6 (18... h6 $142) 19. h6 Nc4 20. Qg3 {Strongly threatening hxg7.} Qe5 21. Qh4 (21. Qxg7+ $16 Qxg7 22. hxg7 Kxg7 23. Nd5) 21... g5 $11 22. Qf2 Be6 $1 $132 {[%mdl 2048] Black puts up resistance} 23. Bf1 Rbc8 {White must now prevent ...Nxb2!} 24. Rg1 f6 {Hoping for ...Nxb2!} 25. Bxc4 Rxc4 26. Qb6 Bf7 (26... Rc7 $11) 27. Rgf1 $18 Rc6 28. Qxb7 Rxc3 (28... Re6 $142 29. Rd7 g4) 29. bxc3 Qxc3 30. Rd2 ({Don't take} 30. Qxa6 $6 Rc8 $16) 30... Qg3 $2 (30... Qa1+ 31. Qb1 Qxb1+ 32. Kxb1 Bc4) 31. Qe7 Qh3 32. Qxf6 (32. Rxf6 $142 Qe3 33. Rf1 a5 34. a4 Qb6 {[#]} 35. Rxf7 $1 {[%mdl 512]} Qg1+ 36. Rd1 Qe3+ 37. Kb2) 32... Qa3+ 33. Qb2 {Precision: White = 56%, Black = 32%.} 1-0

[Event "SVK ECo-C Extraliga 2018-19"]
[Site "Slovakia"]
[Date "2018.12.08"]
[Round "3"]
[White "Balog, Imre"]
[Black "Krejci, Jan"]
[Result "1-0"]
[WhiteElo "2559"]
[BlackElo "2562"]
[Annotator "TA"]
[PlyCount "117"]
[EventDate "2018.11.10"]
[EventType "team-tourn"]
[EventCountry "SVK"]
[SourceTitle "playchess.com"]
[Source "ChessBase"]
[SourceQuality "1"]
[WhiteTeam "Podhajska"]
[BlackTeam "Prakovce"]

{[%evp 26,117,26,34,50,57,48,50,52,52,56,41,46,38,41,14,48,38,62,40,70,64,80,61,60,61,61,54,54,54,54,54,68,54,54,55,55,45,47,40,48,14,52,43,51,59,87,87,81,68,111,122,137,139,111,150,247,214,437,428,410,397,1014,916,1258,1530,1619,1545,1464,1427,1008,0,0,0,0,0,0,0,0,0,0,0,0,0,0,0,29980,29981,29981,29982,29982,29983,29983,29984]} 1. d4 d5 2. Nf3 {[%cal Bg1f3,Bf3d2,Bd2c4][%mdl 32]} Nf6 3. c4 e6 4. Nc3 c6 5. Bg5 Nbd7 6. e3 Qa5 7. Nd2 Bb4 8. Qc2 O-O 9. Be2 dxc4 10. Bxf6 Nxf6 11. Nxc4 Qc7 12. O-O Rd8 13. Rac1 {D52: Queen's Gambit Declined: Cambridge Springs Variation} Bd7 14. a3 {[#] LiveBook: 5 Games} Bd6 $146 ({Predecessor:} 14... Bf8 15. b4 Be8 16. Rfd1 Rac8 17. e4 Nd7 18. e5 f6 19. exf6 gxf6 20. Bd3 f5 {½-½ (29) Lupulescu,C (2638)-Esen,B (2553) Sarajevo 2011}) 15. Nxd6 {White is slightly better.} Qxd6 16. Ne4 Nxe4 17. Qxe4 Be8 18. Rfd1 Rac8 19. Bd3 g6 20. h4 h5 21. Be2 Qd5 22. Qc2 b6 23. b4 Qf5 24. Qxf5 exf5 25. Rc3 Kf8 26. Kh2 Ke7 27. Kg3 Kd6 28. Rdc1 Bd7 29. Bf3 f6 30. a4 Rc7 31. Ra1 Rb8 32. Kf4 Be6 33. b5 {[%cal Rc3c6]} c5 34. dxc5+ $1 Rxc5 35. Rd1+ Ke7 36. Rxc5 bxc5 $16 {[%mdl 4096] Endgame KRB-KRB} 37. Bc6 Rd8 38. Rxd8 Kxd8 {KB-KB} 39. e4 fxe4 40. Kxe4 Kc7 (40... Ba2 $16 {was called for.} 41. a5 Kc7) 41. Be8 $1 $18 Bf5+ $2 (41... Bb3 42. a5 Ba2) 42. Kd5 Kb6 43. f3 Bd3 $2 {[#]} (43... Bb1 44. a5+ Kxa5 45. Kxc5 Bc2) 44. a5+ $1 {[%mdl 512]} Kxa5 45. Kxc5 Bf5 46. g3 Bd3 47. g4 g5 48. hxg5 $2 (48. gxh5 $18 gxh4 49. Bd7) 48... hxg4 $11 49. gxf6 {f7 would kill now.} g3 {Strongly threatening ...g2.} 50. f7 g2 51. f8=Q {White threatens Qg8 and mate.} g1=Q+ 52. Kd5 {Intending Qa3+ and mate.} Bxb5 53. Qa3+ Kb6 {White must now prevent ...Qg8+.} 54. Qd6+ Ka5 {...Qd1+ is the strong threat.} 55. Qc7+ Ka6 $2 {[%mdl 8192]} (55... Kb4 $11) 56. Bxb5+ {White mates.} Kxb5 57. Qc4+ Kb6 {[#]} 58. Qc6+ $1 Ka5 {[#]} 59. Qc5+ $1 {Accuracy: White = 67%, Black = 52%.} 1-0

[Event "SVK ECo-C Extraliga 2018-19"]
[Site "Slovakia"]
[Date "2018.12.08"]
[Round "3"]
[White "Markos, Jan"]
[Black "Kourousis, Epaminondas"]
[Result "1-0"]
[WhiteElo "2551"]
[BlackElo "2392"]
[Annotator "TA"]
[PlyCount "81"]
[EventDate "2018.11.10"]
[EventType "team-tourn"]
[EventCountry "SVK"]
[SourceTitle "playchess.com"]
[Source "ChessBase"]
[SourceQuality "1"]
[WhiteTeam "Snina"]
[BlackTeam "Komarno"]

{[%evp 14,81,28,29,28,19,28,34,39,35,30,30,32,32,27,31,41,49,81,6,50,13,23,0,14,-47,-40,-63,0,-79,0,-70,-23,-53,0,-83,0,0,0,0,34,0,0,0,0,0,0,0,166,166,166,166,161,156,158,154,721,487,29966,29969,29965,29967,29966,29966,29964,29967,29959,29960,29994,29995]} 1. d4 Nf6 2. c4 e6 3. Nc3 Bb4 4. Qc2 d6 5. Nf3 Nbd7 6. e3 b6 {E32: Nimzo-Indian: Classical (4 Qc2): 4...0-0} 7. Be2 (7. Bd3 Bb7 8. O-O Bxc3 9. bxc3 O-O 10. Ng5 h6 11. Ne4 Nxe4 12. Bxe4 Bxe4 13. Qxe4 Nf6 14. Qc6 Qd7 15. Qxd7 Nxd7 16. a4 Nb8 17. Ba3 Nc6 {0-1 (42) Demuth,A (2480)-Fedorchuk,S (2656) Bastia 2013}) 7... Bb7 8. O-O {LiveBook: 5 Games} O-O {White has an edge.} 9. b3 Bxc3 10. Qxc3 Ne4 11. Qc2 f5 12. Bb2 Rf6 13. d5 Rh6 $146 14. Rad1 Nf8 15. g3 c5 16. Ne1 ({Better is} 16. Bd3 $16) 16... exd5 17. cxd5 {Threatening f3.} (17. f3 $5 {[%cal Rf3e4]} Nf6 18. Ng2 $16 (18. Qxf5 Qe8 $16)) 17... Qg5 $1 18. Ng2 Ng6 19. f4 (19. Nf4 $11 Ne5 20. Ne6) 19... Qe7 $15 20. Ba1 Re8 (20... Qf7 $15) 21. Bf3 (21. Bc4 $11 {keeps the balance.}) 21... a5 (21... Qf7 $17 22. Qc4 Ne7 23. Bxe4 fxe4) 22. Qb2 (22. Be2 $11) 22... Qf7 (22... Ba6 {seems wilder.} 23. Rfe1 Rh3 24. Be2 Bxe2 25. Qxe2 Rb8) 23. a3 Nf6 (23... Ba6 $15 24. Rfe1 Ne7) 24. Rfe1 (24. Qd2 $11 {remains equal.}) 24... Rh3 (24... Ne7 $17 {[%cal Re7d5]} 25. Nh4 Bxd5) 25. b4 $11 axb4 26. axb4 h5 {And now ...h4 would win.} 27. bxc5 (27. Qe2 {is more complex.} h4 28. Bxf6 Qxf6 29. g4 Rxf3 30. Qxf3 fxg4 31. Qxg4 Bc8 32. Qh5) 27... bxc5 28. Qb6 {aiming for Bxf6.} h4 29. Bxf6 hxg3 30. hxg3 {Hoping for Bh4.} Rxg3 $2 (30... gxf6 $11 {and Black is okay.} 31. Qxd6 Qg7) 31. Kf2 $1 $18 {[%cal Rf2g3]} Rxf3+ 32. Kxf3 {Threatens to win with Ba1.} Bxd5+ 33. Kf2 {Bg5 is the strong threat.} Bxg2 34. Rxd6 (34. Kxg2 $6 Qxf6 35. Qxd6 (35. Rxd6 Qh4 $11) 35... Qxd6 $14) 34... Be4 $2 {[#]} (34... gxf6 $2 35. Rxf6 Qa2+ 36. Re2 $18) (34... Kh7 $16) 35. Rg1 $1 (35. Bb2 Qe7 $17) 35... gxf6 (35... Qc4 $18 36. Qb2 (36. Rxg6 Qc2+ 37. Ke1 Qc1+ {[%mdl 64] Double Attack} 38. Kf2 Qc2+ 39. Ke1 Qc1+ {[%mdl 64] Double Attack} 40. Kf2 Qc2+ $11) 36... Qf7 37. Bxg7 Re6 38. Rd8+ Re8) 36. Rxf6 {[%mdl 64] Double Attack. White mates.} Qa2+ {[#]} 37. Kg3 $1 Bc6 38. Rxg6+ Kf7 39. Qc7+ ({But not} 39. Qxc6 $2 Rxe3+ 40. Qf3 (40. Kh4 $2 Qh2+ {[%mdl 64] Double Attack} 41. Kg5 Qxg1+ 42. Kh4 Qh2+ 43. Kg5 Rg3+ 44. Kxf5 Qc2+ 45. Qe4 Qxe4+ 46. Kxe4 Kxg6 $19) 40... Rxf3+ 41. Kxf3 Qd5+ 42. Ke2 Qc4+ 43. Ke1 Qxf4 $19) 39... Kxg6 40. Kh3+ Kf6 41. Qg7+ {Accuracy: White = 54%, Black = 36%.} 1-0

[Event "SVK ECo-C Extraliga 2018-19"]
[Site "Slovakia"]
[Date "2018.12.08"]
[Round "3"]
[White "Vajda, Levente"]
[Black "Balogh, Csaba"]
[Result "0-1"]
[WhiteElo "2551"]
[BlackElo "2628"]
[Annotator "TA"]
[PlyCount "44"]
[EventDate "2018.11.10"]
[EventType "team-tourn"]
[EventCountry "SVK"]
[SourceTitle "playchess.com"]
[Source "ChessBase"]
[SourceQuality "1"]
[WhiteTeam "Streda"]
[BlackTeam "Modra"]

{[%evp 17,44,-14,-16,-12,-5,-9,-4,-12,-5,-15,-11,-46,0,-84,-82,-86,-50,-107,-64,-87,-58,-60,-58,-104,-143,-389,-383,-402,-408]} 1. Nf3 d5 2. g3 Bg4 3. Bg2 c6 4. O-O e6 5. d3 Nd7 {[%cal Bb8d7,Bd7e5,Be5c4][%mdl 32]} 6. c4 Ngf6 7. Nc3 dxc4 {A11: English Opening: 1...c6} 8. dxc4 Qa5 9. h3 Bxf3 {LiveBook: 3 Games. The position is equal.} 10. Bxf3 $146 ({Predecessor:} 10. exf3 Nb6 11. a3 Nxc4 12. Qb3 Nb6 13. Be3 Be7 14. Qc2 {1-0 (38) Meier,G (2632)-Najer,E (2653) Dubai 2014}) 10... Ne5 11. Qc2 Nxc4 12. Ne4 Ne5 13. Nxf6+ gxf6 14. Be3 (14. Rd1 {feels hotter.} Qc5 15. Qa4 Qb4 16. Qc2 Bc5 17. Be4) 14... Be7 15. Bd4 (15. Bg2 $11) 15... Nxf3+ $17 16. exf3 O-O-O 17. Be3 (17. Rad1 $15) 17... Rd5 18. a3 f5 19. b4 Qc7 20. a4 Rg8 {White must now prevent ...f4.} ({Not} 20... Bxb4 21. Qb2 $14) 21. Bxa7 $2 {[#]} (21. Rad1 $17 {was necessary.}) 21... Bxb4 $19 22. Kh1 b6 {Accuracy: White = 22%, Black = 67%.} 0-1

[Event "SVK ECo-C Extraliga 2018-19"]
[Site "Slovakia"]
[Date "2018.12.08"]
[Round "3"]
[White "Bulski, Krzysztof"]
[Black "Jurcik, Marian"]
[Result "1/2-1/2"]
[WhiteElo "2538"]
[BlackElo "2462"]
[Annotator "TA"]
[PlyCount "19"]
[EventDate "2018.11.10"]
[EventType "team-tourn"]
[EventCountry "SVK"]
[SourceTitle "playchess.com"]
[Source "ChessBase"]
[SourceQuality "1"]
[WhiteTeam "Dunajov"]
[BlackTeam "Zilina"]

{[%evp 12,19,22,20,47,0,40,18,21,14]} 1. e4 d6 2. d4 {[%cal Bd2d4,Bd4d5][%mdl 32]} Nf6 3. f3 e6 (3... e5 4. dxe5 dxe5 5. Qxd8+ Kxd8 6. Bc4 Ke8 7. Ne2 Bc5 8. Bd2 Nbd7 9. Nc1 Ke7 10. a4 a5 11. Nb3 Bb6 12. Bc3 Ne8 13. Na3 Nd6 14. O-O-O f6 {1-0 (43) Vallejo Pons,F (2707)-Onischuk,V (2637) Riadh 2017}) 4. c4 c5 5. d5 Be7 6. Be3 {B07: Pirc Defence: Miscellaneous Systems} O-O 7. Nc3 {LiveBook: 4 Games} Na6 $146 ({Predecessor:} 7... a6 8. a4 exd5 9. cxd5 Ne8 10. Nge2 f5 11. exf5 Bxf5 12. Ng3 {1-0 (31) Gunina,V (2509)-Ju,W (2514) Beijing 2013}) 8. Bd3 Nd7 9. Nh3 Ne5 10. Nf2 1/2-1/2